South Asia and its Eastern neighbours: building a relationship in the 21st century (Record no. 391224)

000 -LEADER
fixed length control field 00481cam a22001457a 4500
008 - FIXED-LENGTH DATA ELEMENTS--GENERAL INFORMATION
fixed length control field 180718b1999 xxu||||| |||| 00| 0 eng d
020 ## - INTERNATIONAL STANDARD BOOK NUMBER
International Standard Book Number 8122005446
082 ## - DEWEY DECIMAL CLASSIFICATION NUMBER
Classification number Dx5 D851
245 ## - TITLE STATEMENT
Title South Asia and its Eastern neighbours: building a relationship in the 21st century
Statement of responsibility, etc. edited by Muchkund Dubey and Nancy Jetly
260 ## - PUBLICATION, DISTRIBUTION, ETC.
Place of publication, distribution, etc. Konark
Name of publisher, distributor, etc. Delhi
Date of publication, distribution, etc. 1999
300 ## - PHYSICAL DESCRIPTION
Extent 291p.
650 ## - SUBJECT ADDED ENTRY--TOPICAL TERM
Topical term or geographic name entry element South Asia --Foreign relations --Congresses
700 ## - ADDED ENTRY--PERSONAL NAME
Personal name Jetly, Nancy
700 ## - ADDED ENTRY--PERSONAL NAME
Personal name Dubey, Muchkund
Holdings
Withdrawn status Lost status Damaged status Not for loan Permanent Location Current Location Date acquired Full call number Barcode Date last seen Price effective from Koha item type
        Indian Institute of Public Administration Indian Institute of Public Administration 2000-02-22 Dx5 D851 74853 2018-07-21 2018-07-21 Book

Powered by Koha